|
|
|
|
| LEADER |
00000nas a2200000 a 4500 |
| 001 |
ssj0005596 |
| 003 |
WaSeSS |
| 005 |
20200512172242.0 |
| 006 |
m d |
| 007 |
cr n |
| 008 |
001121c19739999gw bx pss 0 a0eng c |
| 010 |
|
|
|a 00215936
|
| 016 |
7 |
|
|a 2042908-3
|2 DE-600
|
| 016 |
7 |
|
|a 015792254
|2 Uk
|
| 022 |
|
|
|a 1532-5946
|y 0090-502X
|
| 035 |
|
|
|a (WaSeSS)ssj0005596
|
| 040 |
|
|
|a NSD
|b eng
|c NSD
|d OCLCQ
|d NSD
|d OCLCQ
|d PIT
|d OCLCQ
|d MUQ
|d CFI
|d OCLCQ
|d HEBIS
|d UKMGB
|d OCLCQ
|d BUF
|d OCLCO
|d OCLCF
|d OCLCO
|d VT2
|d OCLCQ
|d OCLCO
|d OCLCQ
|d DEFHM
|d OCLCO
|d OCLCA
|d REDDC
|d WT2
|d OCLCQ
|d APUMS
|d U3W
|d RCC
|d IBK
|d KSU
|d OCLCO
|d OCLCQ
|d TOF
|d AU@
|d WYU
|d OCLCQ
|d OCLCO
|d RDF
|d DLC
|d SFB
|d OCLCA
|d OCLCQ
|d OCLCA
|d WaSeSS
|
| 042 |
|
|
|a pcc
|a nsdp
|
| 050 |
0 |
0 |
|a BF371
|
| 060 |
0 |
0 |
|a W1
|b ME904
|
| 082 |
1 |
0 |
|a 153
|2 13
|
| 130 |
0 |
|
|a Memory & cognition (Online)
|
| 210 |
0 |
|
|a Mem. & cog.
|b (Online)
|
| 222 |
|
0 |
|a Memory & cognition
|b (Online)
|
| 245 |
1 |
0 |
|a Memory & cognition
|h [electronic resource].
|
| 246 |
3 |
|
|a Memory and cognition
|
| 246 |
1 |
|
|i Also called:
|a M & C
|
| 260 |
|
|
|a Austin, TX :
|b Psychonomic Society
|
| 260 |
3 |
|
|3 2011- :
|a [Germany] :
|b Springer-Verlag
|
| 310 |
|
|
|a Eight times per year
|
| 362 |
1 |
|
|a Print began with v. 1, Jan. 1973.
|
| 506 |
|
|
|a License restrictions may limit access.
|
| 538 |
|
|
|a Mode of access: World Wide Web.
|
| 588 |
0 |
|
|a Vol. 20, no. 1 (Jan. 2001); title from title screen (viewed Apr. 21, 2003).
|
| 588 |
1 |
|
|a Vol. 47, issue 6 (Aug. 2019); (Springer Link, viewed Sept. 23, 2019).
|
| 650 |
|
0 |
|a Memory
|v Periodicals.
|
| 650 |
|
0 |
|a Cognition
|v Periodicals.
|
| 650 |
|
2 |
|a Memory.
|
| 650 |
|
2 |
|a Cognition.
|
| 650 |
|
6 |
|a Mémoire
|v Périodiques.
|
| 650 |
|
6 |
|a Cognition
|v Périodiques.
|
| 650 |
|
7 |
|a Cognition.
|2 fast
|0 (OCoLC)fst00866457
|
| 650 |
|
7 |
|a Memory.
|2 fast
|0 (OCoLC)fst01015913
|
| 650 |
|
7 |
|a Kognition
|2 gnd
|
| 650 |
|
7 |
|a Gedächtnis
|2 gnd
|
| 655 |
|
0 |
|a Electronic journals.
|
| 710 |
2 |
|
|a Psychonomic Society.
|
| 776 |
0 |
8 |
|i Print version:
|t Memory & cognition
|x 0090-502X
|w (DLC) 73645334
|w (OCoLC)1788000
|
| 850 |
|
|
|a DLC
|
| 856 |
4 |
0 |
|z Full text available from Research Library: 01/01/2011 to present
|u https://search.proquest.com/publication/976351
|